{"text_format":"3","workbook":"xlsx","n_sheets":3,"sheets":["门店数据","Sheet1","销售数据"],"not_rendered":{"charts":1,"defined_names":1,"pivot_tables":1},"read":"whole","date_system":"1900"}

{"sheet":"门店数据","index":0,"n_rows":6,"n_cols":4,"rows_kept":6}
["销售门店","长装","棉羽绒","短装"]
["新世界店",44681,13066,5490]
["万科店",35922,10389,7887]
["南京路店",51883,21184,8585]
["滨江道店",12567,12094,5531]
["和平路店",23450,9086,9240]

{"sheet":"Sheet1","index":1,"n_rows":7,"n_cols":3,"rows_kept":7}
["品牌","(全部)"]
[]
["类别","求和项:销售数量","求和项:销售金额"]
["短装",565,297535]
["棉羽绒",2529,1244961]
["长装",13255,5631035]
["总计",16349,7173531]

{"sheet":"销售数据","index":2,"n_rows":146,"n_cols":7,"rows_kept":146}
["品牌","货号","类别","产品名称","吊牌价","销售数量","销售金额"]
["AD","G68108","棉羽绒","羽绒服",699,152,{"$f":"F2*E2","v":106248}]
["AD","G70357","长装","卫衣",429,52,22308]
["AD","G71183","长装","长裤",369,96,35424]
["AD","G83346","长装","夹克",399,36,14364]
["AD","G85411","长装","长T",569,169,96161]
["AD","P92261","长装","长裤",229,132,30228]
["AD","X12195","长装","长裤",399,104,41496]
["AD","X20551","长装","夹克",329,193,63497]
["AD","X23567","长装","长T",429,52,22308]
["AD","G68095","长装","卫衣",469,140,65660]
["AD","G68104","棉羽绒","羽绒服",699,107,74793]
["AD","G68188","长装","夹克",1299,120,155880]
["AD","G69924","长装","长裤",599,180,107820]
["AD","G70260","长装","夹克",329,198,65142]
["AD","G72204","长装","夹克",999,117,116883]
["AD","X12934","长装","长裤",399,184,73416]
["AD","X21105","长装","长T",469,60,28140]
["AD","D82056","长装","夹克",229,109,24961]
["AD","D86984","长装","长裤",429,163,69927]
["AD","G68232","长装","长裤",529,59,31211]
["AD","G69627","长装","长裤",999,132,131868]
["AD","G70073","长装","长裤",599,127,76073]
["AD","G71287","长装","长裤",399,144,57456]
["AD","G71902","长装","夹克",369,96,35424]
["AD","G72212","长装","卫衣",899,61,54839]
["AD","G88413","长装","夹克",469,76,35644]
["AD","P92093","长装","长裤",199,75,14925]
["AD","X20044","长装","夹克",299,149,44551]
["AD","X21059","长装","长T",399,134,53466]
["AD","D87692","长装","夹克",399,117,46683]
["AD","D87870","长装","长裤",529,115,60835]
["AD","D89096","长装","长裤",399,63,25137]
["AD","G68116","长装","夹克",599,109,{"$f":"F34*E34","v":65291}]
["AD","G69903","棉羽绒","羽绒服",429,118,50622]
["AD","G88415","长装","长裤",469,86,40334]
["AD","G70083","棉羽绒","羽绒服",269,179,48151]
["AD","G72203","短装","短裤",999,200,199800]
["AD","G70509","长装","长T",1499,69,103431]
["AD","D82125","长装","夹克",229,85,19465]
["AD","G72186","棉羽绒","羽绒服",1299,191,248109]
["AD","G69645","长装","卫衣",999,106,105894]
["AD","G68060","长装","长T",399,66,26334]
["AD","G68240","长装","夹克",699,189,132111]
["AD","G69631","长装","夹克",999,52,51948]
["AD","G72323","长装","夹克",499,113,56387]
["AD","X21108","棉羽绒","羽绒服",469,69,32361]
["AD","D89537","长装","长裤",329,188,61852]
["AD","G70495","长装","夹克",299,88,26312]
["AD","G71179","长装","长T",499,91,45409]
["AD","D89095","棉羽绒","羽绒马夹",399,108,43092]
["AD","G80832","长装","长T",329,127,41783]
["AD","G72006","棉羽绒","羽绒服",299,123,36777]
["AD","G68189","长装","长T",1299,153,198747]
["AD","G71182","长装","长裤",369,55,20295]
["AD","G71286","长装","夹克",399,157,62643]
["AD","Z21683","长装","夹克",369,109,40221]
["AD","G82730","长装","夹克",899,71,63829]
["AD","G74904","长装","长裤",499,164,81836]
["AD","G88414","长装","长裤",469,101,47369]
["AD","G70090","长装","长裤",529,53,28037]
["AD","G70093","长装","长裤",429,142,60918]
["AD","G70493","长装","长裤",299,89,26611]
["AD","F76716","长装","卫衣",429,50,21450]
["AD","G70257","长装","长裤",329,184,60536]
["AD","G70727","长装","长裤",929,152,{"$f":"F66*E66","v":141208}]
["AD","G72009","长装","长T",399,67,26733]
["AD","G89395","长装","夹克",369,200,73800]
["AD","D86057","长装","长裤",469,180,84420]
["AD","G71330","长装","长裤",899,72,64728]
["AD","G68199","棉羽绒","羽绒服",469,147,68943]
["AD","Z00774","长装","夹克",399,140,55860]
["EN","205654-519","长装","长裤",169,103,17407]
["EN","FT001-N10","棉羽绒","羽绒服",699,113,78987]
["EN","182719-523","长装","夹克",79,94,7426]
["EN","182721-050","长装","夹克",99,140,13860]
["EN","205619-021","长装","长裤",99,119,11781]
["EN","205619-519","长装","卫衣",99,121,11979]
["EN","FT007-N10","长装","夹克",699,74,51726]
["EN","158636-050","棉羽绒","羽绒服",119,156,18564]
["EN","205654-021","长装","长T",169,70,11830]
["EN","182721-021","长装","长裤",99,94,9306]
["EN","182787-021","长装","夹克",169,89,15041]
["EN","FT001-18-1763","长装","长裤",699,166,116034]
["EN","182894-021","棉羽绒","羽绒服",99,71,7029]
["EN","205635-402","长装","夹克",219,68,14892]
["EN","FT007-18-1763","长装","长裤",699,89,62211]
["EN","182894-258","长装","长裤",99,200,19800]
["EN","182894-050","长装","长裤",99,193,19107]
["EN","182894-455","长装","长T",99,54,5346]
["EN","211613-900/021","长装","夹克",169,67,11323]
["EN","211894-461","长装","夹克",169,150,25350]
["EN","182717-021","长装","卫衣",69,67,4623]
["EN","211613-901/519","长装","卫衣",169,52,8788]
["EN","211468-901/519","长装","夹克",139,56,7784]
["LI","AKLH558-2","长装","长裤",239,92,21988]
["LI","AUBJ002-1","长装","长裤",159,68,10812]
["LI","AYMH063-2","长装","长裤",699,108,{"$f":"F98*E98","v":75492}]
["LI","AKLJ013-4","棉羽绒","羽绒服",219,77,16863]
["LI","AKLJ041-2","长装","夹克",269,130,34970]
["LI","AWDH584-1","长装","夹克",299,64,19136]
["LI","AWDH721-1","棉羽绒","羽绒服",269,153,41157]
["LI","ADLG009-1","长装","夹克",239,159,38001]
["LI","AKLJ013-2","棉羽绒","羽绒马夹",219,75,16425]
["LI","AKMH015-1","短装","短裤",299,137,40963]
["LI","AYMH068-4","棉羽绒","羽绒服",549,100,54900]
["LI","AKLH651-2","长装","夹克",299,200,59800]
["LI","AYMH043-3","长装","卫衣",649,184,119416]
["LI","AKLH572-2","长装","长裤",269,193,51917]
["LI","AWDJ119-4","长装","夹克",339,145,49155]
["LI","AFDJ011-3","棉羽绒","羽绒服",399,108,43092]
["LI","AKLJ034-4","长装","夹克",239,155,37045]
["NI","449792-010","长装","长裤",199,123,24477]
["NI","465787-010","长装","卫衣",449,113,50737]
["NI","377781-010","长装","长T",249,134,33366]
["NI","377781-731","短装","七分裤",249,104,25896]
["NI","377787-010","长装","长T",329,171,56259]
["NI","449794-091","短装","短裤",249,124,30876]
["NI","519505-477","长装","长T",229,101,23129]
["NI","519977-021","长装","长裤",179,114,20406]
["NI","529753-010","棉羽绒","羽绒服",329,116,38164]
["NI","532500-011","长装","长裤",399,162,64638]
["NI","543179-011","长装","夹克",429,52,22308]
["NI","543367-077","棉羽绒","羽绒服",1199,84,100716]
["NI","634872-021","长装","夹克",179,76,13604]
["NI","449794-494","长装","夹克",249,148,36852]
["NI","543330-063","棉羽绒","羽绒服",549,85,46665]
["NI","575088-010","长装","长裤",399,115,45885]
["NI","575107-010","长装","长裤",449,53,23797]
["NI","449822-010","棉羽绒","羽绒服",249,79,{"$f":"F130*E130","v":19671}]
["NI","544320-011","长装","长裤",499,102,50898]
["NI","577714-010","长装","长裤",1199,137,164263]
["NI","479935-012","长装","长T",349,64,22336]
["NI","377781-063","长装","夹克",249,68,16932]
["NI","449794-010","长装","长裤",249,105,26145]
["NI","580654-666","长装","夹克",269,70,18830]
["NI","449792-647","棉羽绒","羽绒服",199,51,10149]
["NI","588685-010","长装","长T",299,139,41561]
["NI","597858-010","长装","长裤",529,150,79350]
["NI","548526-010","长装","夹克",399,147,58653]
["NI","588705-652","棉羽绒","羽绒服",649,67,43483]
["NI","614695-681","长装","夹克",499,105,52395]
["NI","621720-063","长装","卫衣",449,91,40859]
["PRO","204266-021","长装","夹克",239,67,16013]
["PRO","204266-050","长装","长裤",239,50,11950]
["PRO","204396-903/050","长装","夹克",199,73,14527]